El empleo en el turismo Marplatense (Registro nro. 22824)

Detalles MARC
000 -LEADER
fixed length control field 00322 a2200109 4500
001 - CONTROL NUMBER
control field ART_6714
005 - DATE AND TIME OF LATEST TRANSACTION
control field 20260410161826.0
008 - FIXED-LENGTH DATA ELEMENTS--GENERAL INFORMATION
fixed length control field 260409a
100 1# - MAIN ENTRY--PERSONAL NAME
Personal name Labrunée, María Eugenia
245 10 - TITLE STATEMENT
Title El empleo en el turismo Marplatense
773 0# - HOST ITEM ENTRY
Title FACES
Related parts - Año 14, Nº 30/31 (ene./dic. 2008)
Record control number REV5046

No hay ítems disponibles.